| 000 | 01243nam a2200349 i 4500 | ||
|---|---|---|---|
| 001 | 119565 | ||
| 003 | BJBSDDR | ||
| 005 | 20240425112448.0 | ||
| 007 | ta | ||
| 008 | 150430s2006 ve ahb b 001 0 spa d | ||
| 020 | _a9800114580 | ||
| 020 | _a9799800114581 | ||
| 020 | _a9789800114582 | ||
| 035 | _a(OCoLC)ocn163582451 | ||
| 040 |
_aDLC _bspa _cBJBSDDR |
||
| 041 | 0 | _aspa | |
| 050 | 1 | 4 |
_a120 E 183.8 _bG626b 2006 |
| 100 | 1 |
_aGolinger, Eva, _d1973- _935545 |
|
| 245 | 0 | 0 |
_aBush vs. Chávez: _bla guerra de Washington contra Venezuela / _cEva Golinger |
| 246 | _aBush versus Chávez | ||
| 260 |
_aCaracas, Venezuela : _bMonte Avila Editores Latinoamericana, _c2006 |
||
| 300 |
_ax, 231 páginas : _bilustraciones, mapas ; _c23 cm. |
||
| 440 | 0 |
_aMilenio libre _935549 |
|
| 504 | _aIncluye referencias bibliográficas e indice | ||
| 600 | 1 | 4 |
_aBush, George W. _q(George Walker), _d1946- _93516 |
| 600 | 1 | 4 |
_aChávez Frías, Hugo, _d1954-2013 _911734 |
| 651 | 0 |
_aVenezuela _xForeign relations _zUnited States |
|
| 651 | 4 |
_aVenezuela _xRelaciones exteriores _zEstados Unidos _911736 |
|
| 651 | 0 |
_aUnited States _xForeign relations _zVenezuela |
|
| 651 | 4 |
_aEstados Unidos _xRelaciones exteriores _zVenezuela _973 |
|
| 942 |
_2lcc _cBK |
||
| 999 |
_c21943 _d21943 |
||